Dos cuentistas con el Premio Aquileo J. Echeverría (Registro nro. 15679)

Detalles MARC
000 -CABECERA
Longitud fija campo de control 00671nam a22002177a 4500
003 - IDENTIFICADOR DELl NÚMERO DE CONTROL
Identificador del número de control OSt
005 - FECHA Y HORA DE LA ÚLTIMA TRANSACCIÓN
Fecha y hora de la última transacción 20141211110404.0
008 - CÓDIGOS DE INFORMACIÓN DE LONGITUD FIJA
Códigos de información de longitud fija 141113b xxu||||| |||| 00| 0 eng d
020 ## - NÚMERO INTERNACIONAL NORMALIZADO PARA LIBROS
Número Internacional Normalizado para Libros (ISBN) 9968-41-105-1
040 ## - FUENTE DE LA CATALOGACIÓN
Centro transcriptor BMC
082 ## - NÚMERO DE LA CLASIFICACIÓN DECIMAL DEWEY
Númeroo de clasificación 808.0687286
100 1# - PUNTO DE ACCESO PRINCIPAL-NOMBRE DE PERSONA
Nombre de persona Cabrera Valverde, Jorge Mario
9 (RLIN) 4429
245 10 - MENCIÓN DE TÍTULO
Título Dos cuentistas con el Premio Aquileo J. Echeverría
Resto del título : Abel Pacheco y Carlos Luis Sáenz
Mención de responsabilidad, etc. Jorge Mario Cabrera
250 ## - MENCIÓN DE EDICIÓN
Mención de edición 1ª ed
Resto de la mención de edición
260 ## - PUBLICACIÓN, DISTRIBUCIÓN, ETC. (PIE DE IMPRENTA)
Lugar de publicación, distribución, etc. San José (Costa Rica)
Nombre del editor, distribuidor, etc. Ediciones Promesa
Fecha de publicación, distribución, etc. 2006
300 ## - DESCRIPCIÓN FÍSICA
Extensión 50 p
Dimensiones 22 cm
490 ## - MENCIÓN DE SERIE
Mención de serie Serie Ensayo
Designación de volumen o secuencia 5
504 ## - NOTA DE BIBLIOGRAFÍA, ETC
Nota de bibliografía, etc. Bibliografía: p. [48]-50
650 24 - PUNTO DE ACCESO ADICIONAL DE MATERIA - TÉRMINO DE MATERIA
9 (RLIN) 28302
Término de materia o nombre geográfico como elemento inicial Cuentos costarricenses
942 ## - ENTRADA DE ELEMENTOS AGREGADOS (KOHA)
Fuente de clasificaión o esquema Dewey Decimal Classification
Koha [por defecto] tipo de item 1- Monografias
Existencias
Suprimido Perdido Fuente de clasificación o esquema Estropeado Restricciones de uso No para préstamo Código de colección Localización permanente Localización actual Localización en estanter&íacute;as Fecha adquisición Fuente de adquisición Número de inventario Préstamos totales Signatura completa Código de barras Fecha última consulta Coste, precio reemplazado Fecha del precio de reemplazo Tipo de item de Koha
NULL NULL Dewey Decimal Classification NULL Prestable NULL NULL Biblioteca Miguel de Cervantes - UNICAES Biblioteca Miguel de Cervantes - UNICAES Sala Principal 22/11/2007 Donación - Promesa 024581   C CAB dos 1024991 17/01/2019 4.58 13/11/2014 1- Monografias